[Event "SLO-chT1 East"]
[Site "Celje"]
[Date "2008.12.22"]
[Round "9"]
[White "Penko, Igor"]
[Black "Coklin, Marko"]
[Result "1/2-1/2"]
[WhiteElo "2226"]
[BlackElo "2205"]
[PlyCount "20"]
[EventDate "2008.11.20"]
[EventType "team-tourn"]
[EventRounds "9"]
[EventCountry "SLO"]
[SourceTitle "EXT 2010"]
[Source "ChessBase"]
[SourceDate "2010.11.25"]
[SourceVersion "1"]
[SourceVersionDate "2010.11.25"]
[SourceQuality "1"]

1. c4 c5 2. Nc3 Nf6 3. g3 Nc6 4. Bg2 e6 5. e3 d6 6. Nge2 Be7 7. 0-0 0-0 8. d4 Rb8 9. a3 a6 10. Rb1 Qc7 1/2-1/2

[Event "SLO-chT1 East"]
[Site "Celje"]
[Date "2008.12.20"]
[Round "7"]
[White "Penko, Igor"]
[Black "Mihevc, Ivo"]
[Result "1-0"]
[WhiteElo "2226"]
[BlackElo "2191"]
[PlyCount "95"]
[EventDate "2008.11.20"]
[EventType "team-tourn"]
[EventRounds "9"]
[EventCountry "SLO"]
[SourceTitle "EXT 2010"]
[Source "ChessBase"]
[SourceDate "2010.11.25"]
[SourceVersion "1"]
[SourceVersionDate "2010.11.25"]
[SourceQuality "1"]

1. e4 c5 2. Nf3 Nc6 3. d4 cxd4 4. Nxd4 Nf6 5. Nc3 d6 6. Bc4 Bd7 7. 0-0 g6 8. h3 Bg7 9. Be3 0-0 10. Bb3 Na5 11. Qd2 Rc8 12. Bh6 Nc4 13. Bxc4 Rxc4 14. Bxg7 Kxg7 15. Rfe1 Qb6 16. Nb3 Rfc8 17. Re2 Be6 18. Rc1 a5 19. a4 Qb4 20. e5 dxe5 21. Rxe5 Bd7 22. Rxa5 Bc6 23. Re1 e6 24. Rd1 Rc7 25. Qd8 Rd7 26. Rxd7 Nxd7 27. Ra8 Qd6 28. Qh8+ Kh6 29. Rg8 Qe5 30. Qxe5 Nxe5 31. a5 Rb4 32. Rc8 Kg5 33. Kf1 Kf6 34. Rc7 g5 35. f3 h5 36. Ne4+ Kf5 37. Nd6+ Kf6 38. Kf2 g4 39. hxg4 hxg4 40. Ne4+ Kf5 41. Ned2 gxf3 42. gxf3 Rf4 43. c3 Bd5 44. Nd4+ Kg5 45. Ke3 Rh4 46. c4 Nc6 47. Nxc6 Bxc6 48. a6 1-0

[Event "SLO-chT Central 1st League"]
[Site "Slovenija"]
[Date "2006.10.26"]
[Round "7"]
[White "Penko, Igor"]
[Black "Plaskan, Jure"]
[Result "1-0"]
[WhiteElo "2225"]
[BlackElo "2068"]
[PlyCount "91"]
[EventDate "2006.09.14"]
[EventType "team-tourn"]
[EventRounds "9"]
[EventCountry "SLO"]
[SourceTitle "EXT 2022"]
[Source "ChessBase"]
[SourceDate "2021.10.06"]
[SourceVersion "1"]
[SourceVersionDate "2021.10.06"]
[SourceQuality "1"]
[WhiteTeam "Kamnik DU"]
[BlackTeam "Domzale Vele Youth"]
[WhiteTeamCountry "SLO"]
[BlackTeamCountry "SLO"]

1. c4 Nf6 2. Nc3 c5 3. Nf3 Nc6 4. d4 cxd4 5. Nxd4 d5 6. cxd5 Nxd5 7. Nxc6 bxc6 8. e4 Nxc3 9. Qxd8+ Kxd8 10. bxc3 g6 11. Be3 Bg7 12. 0-0-0+ Kc7 13. Kc2 Be6 14. Bf4+ Kb6 15. Rb1+ Kc5 16. Ba6 Rad8 17. Be3+ Kd6 18. Rhd1+ Ke5 19. Bd4+ Rxd4 20. cxd4+ Kxe4 21. Rb4 Kd5 22. Bc4+ Kd6 23. Bxe6 fxe6 24. f4 Rf8 25. g3 Rf5 26. a4 h5 27. h4 Ra5 28. Kd3 Rd5 29. Ke4 Ra5 30. Rc1 Bf6 31. Rcc4 Rd5 32. Rb7 Ra5 33. Rb8 Kc7 34. Rg8 Ra6 35. Rxg6 Rb6 36. Rh6 Rb3 37. Rxh5 Rxg3 38. Rhc5 Bxh4 39. Rxc6+ Kd7 40. Rc7+ Ke8 41. Rxa7 Ra3 42. a5 Bf2 43. f5 Re3+ 44. Kf4 exf5 45. Kxf5 e6+ 46. Kf4 1-0

[Event "SLO-chT Central 1st League"]
[Site "Slovenija"]
[Date "2006.09.21"]
[Round "2"]
[White "Karnar, Marijan"]
[Black "Penko, Igor"]
[Result "1/2-1/2"]
[WhiteElo "2258"]
[BlackElo "2225"]
[PlyCount "30"]
[EventDate "2006.09.14"]
[EventType "team-tourn"]
[EventRounds "9"]
[EventCountry "SLO"]
[SourceTitle "EXT 2022"]
[Source "ChessBase"]
[SourceDate "2021.10.06"]
[SourceVersion "1"]
[SourceVersionDate "2021.10.06"]
[SourceQuality "1"]
[WhiteTeam "Komenda DU"]
[BlackTeam "Kamnik DU"]
[WhiteTeamCountry "SLO"]
[BlackTeamCountry "SLO"]

1. Nf3 g6 2. c4 Bg7 3. g3 Nf6 4. Bg2 0-0 5. 0-0 c6 6. d4 d5 7. b3 a5 8. Bb2 a4 9. e3 axb3 10. axb3 Rxa1 11. Bxa1 Bg4 12. Nc3 Ne4 13. h3 Bxf3 14. Bxf3 f5 15. Bg2 e6 1/2-1/2

[Event "SLO-ch 15th"]
[Site "Ptuj"]
[Date "2005.08.19"]
[Round "9"]
[White "Srebrnic, Vojko"]
[Black "Penko, Igor"]
[Result "1/2-1/2"]
[WhiteElo "2251"]
[BlackElo "2235"]
[PlyCount "66"]
[EventDate "2005.08.12"]
[EventType "swiss"]
[EventRounds "9"]
[EventCountry "SLO"]
[SourceTitle "CBM 107 Extra"]
[Source "ChessBase"]
[SourceDate "2005.09.01"]
[SourceVersion "1"]
[SourceVersionDate "2005.09.01"]
[SourceQuality "1"]

1. Nf3 Nf6 2. c4 g6 3. Nc3 c5 4. g3 Bg7 5. Bg2 0-0 6. 0-0 Nc6 7. d4 d6 8. dxc5 dxc5 9. Be3 Be6 10. Qa4 Qa5 11. Qxa5 Nxa5 12. Bxc5 Bxc4 13. Ne5 Rfc8 14. Bb4 Ba6 15. Bxa5 Rc5 16. Nc6 bxc6 17. Bb4 Rc4 18. Bxe7 Re8 19. Ba3 Ng4 20. Rfc1 Nxf2 21. Kxf2 Bd4+ 22. Kf1 Rxc3 23. bxc3 Bxe2+ 24. Ke1 Bf3+ 25. Kd2 Be3+ 26. Kd3 Bxc1 27. Bxf3 Bxa3 28. Bxc6 Rc8 29. Bd5 Bb2 30. Rb1 Rxc3+ 31. Kd2 Rc5 32. Bxf7+ Kxf7 33. Rxb2 Rc7 1/2-1/2

[Event "Ljubljana op 16th"]
[Site "Ljubljana"]
[Date "2005.07.12"]
[Round "5"]
[White "Penko, Igor"]
[Black "Djurovic, Goran"]
[Result "0-1"]
[WhiteElo "2235"]
[BlackElo "2066"]
[PlyCount "68"]
[EventDate "2005.07.09"]
[EventType "swiss"]
[EventRounds "9"]
[EventCountry "SLO"]
[SourceTitle "CBM 107 Extra"]
[Source "ChessBase"]
[SourceDate "2005.09.01"]
[SourceVersion "1"]
[SourceVersionDate "2005.09.01"]
[SourceQuality "1"]

1. d4 Nf6 2. c4 c5 3. Nf3 cxd4 4. Nxd4 e5 5. Nb5 d5 6. cxd5 Bc5 7. a4 0-0 8. N1c3 a6 9. Na3 Bf5 10. e3 Re8 11. Be2 Nbd7 12. 0-0 e4 13. Nc4 Ne5 14. Nxe5 Rxe5 15. Qb3 Qe7 16. Rd1 Rd8 17. a5 Ng4 18. g3 h5 19. Na4 Bd6 20. Nb6 Bb8 21. Ra4 Qf6 22. Rad4 h4 23. Nc4 hxg3 24. fxg3 Nxh2 25. Qb6 Qg5 26. Kh1 Ng4 27. Bxg4 Bxg4 28. Nxe5 Bxe5 29. Rf1 Rd6 30. Qxb7 Rh6+ 31. Kg1 Bf5 32. Rf2 Qxg3+ 33. Kf1 Rh1+ 34. Ke2 Bg4+ 0-1

[Event "Ljubljana op 16th"]
[Site "Ljubljana"]
[Date "2005.07.10"]
[Round "2"]
[White "Sedlak, Nikola"]
[Black "Penko, Igor"]
[Result "1-0"]
[WhiteElo "2518"]
[BlackElo "2235"]
[PlyCount "63"]
[EventDate "2005.07.09"]
[EventType "swiss"]
[EventRounds "9"]
[EventCountry "SLO"]
[SourceTitle "CBM 107 Extra"]
[Source "ChessBase"]
[SourceDate "2005.09.01"]
[SourceVersion "1"]
[SourceVersionDate "2005.09.01"]
[SourceQuality "1"]

1. e4 c5 2. Nf3 Nc6 3. d4 cxd4 4. Nxd4 g6 5. c4 Bg7 6. Nc2 d6 7. Be2 f5 8. exf5 Bxf5 9. 0-0 Nh6 10. Nc3 0-0 11. Be3 Qd7 12. Nd4 e5 13. Nxc6 bxc6 14. Qd2 Nf7 15. b4 Rfd8 16. Rfd1 Bg4 17. b5 Bxe2 18. Qxe2 Qe6 19. bxc6 Rdc8 20. Nd5 Rxc6 21. Rab1 Rac8 22. Rb7 Bf8 23. Rxa7 Rxc4 24. h3 Rc2 25. Qb5 Qf5 26. Qb7 Re2 27. Nf6+ Qxf6 28. Qxc8 d5 29. Ra8 Nd6 30. Qxf8+ Qxf8 31. Rxf8+ Kxf8 32. Bc5 1-0

[Event "SLO-chT2 East"]
[Site "Velenje"]
[Date "2005.06.07"]
[Round "2"]
[White "Cojhter, Karl"]
[Black "Penko, Igor"]
[Result "1/2-1/2"]
[WhiteElo "2124"]
[BlackElo "2246"]
[PlyCount "81"]
[EventDate "2005.05.27"]
[EventType "team"]
[EventRounds "9"]
[EventCountry "SLO"]
[SourceTitle "EXT 2009"]
[Source "ChessBase"]
[SourceDate "2008.11.26"]
[SourceVersion "1"]
[SourceVersionDate "2008.11.26"]
[SourceQuality "1"]

1. e4 d5 2. exd5 Qxd5 3. Nc3 Qd6 4. d4 g6 5. Bc4 Nf6 6. Nge2 a6 7. 0-0 Bg7 8. Bf4 Qd8 9. a4 0-0 10. h3 Nc6 11. d5 Na5 12. Ba2 c5 13. Rb1 Bd7 14. b4 cxb4 15. Rxb4 Nh5 16. Be3 b5 17. axb5 axb5 18. Nxb5 Rb8 19. Qb1 f5 20. Nc7 Kh8 21. Rxb8 Qxb8 22. Qxb8 Rxb8 23. Rb1 Rxb1+ 24. Bxb1 Nc4 25. Bd4 Na3 26. Ba2 Nxc2 27. Bc5 Be5 28. Ne6 Bd6 29. Bb6 Nf6 30. Bb3 Nb4 31. N2f4 Nbxd5 32. Nxd5 Bxe6 33. Bd4 Kg7 34. Nxf6 Bxb3 35. Ne8+ Kf7 36. Nxd6+ exd6 37. f4 Ke6 38. Kf2 Kd5 39. Ke3 Bc4 40. g3 Bf1 41. h4 1/2-1/2

[Event "SLO-chT2E"]
[Site "Velenje"]
[Date "2004.11.01"]
[Round "5"]
[White "Penko, Igor"]
[Black "Cojhter, Karl"]
[Result "0-1"]
[WhiteElo "2246"]
[BlackElo "2137"]
[PlyCount "92"]
[EventDate "2004.11.01"]
[EventType "team"]
[EventRounds "9"]
[EventCountry "SLO"]
[SourceTitle "EXT 2008"]
[Source "ChessBase"]
[SourceDate "2007.11.25"]
[SourceVersion "1"]
[SourceVersionDate "2007.11.25"]
[SourceQuality "1"]

1. e4 c5 2. Nf3 e6 3. d4 cxd4 4. Nxd4 Nf6 5. Nc3 Nc6 6. Ndb5 d6 7. Bf4 e5 8. Bg5 a6 9. Na3 b5 10. Nd5 Be7 11. Bxf6 Bxf6 12. c3 0-0 13. Nc2 Be6 14. Nce3 Bg5 15. h4 Bxe3 16. Nxe3 Ne7 17. a4 d5 18. exd5 Nxd5 19. Nxd5 Bxd5 20. Rh3 Bc6 21. Qxd8 Rfxd8 22. axb5 axb5 23. Rxa8 Rxa8 24. Kd2 Ra2 25. Kc2 Ra1 26. Bd3 e4 27. Be2 f5 28. c4 b4 29. f3 Ba4+ 30. Kd2 Rb1 31. fxe4 Rxb2+ 32. Ke3 f4+ 33. Kd3 b3 34. Rh1 Kf7 35. Rf1 Ke6 36. Rxf4 Rxe2 37. Kxe2 b2 38. Rf1 Bc2 39. Ke3 b1Q 40. Rxb1 Bxb1 41. Kf4 Bd3 42. c5 Bb5 43. g4 Be8 44. h5 h6 45. g5 Bc6 46. gxh6 gxh6 0-1

[Event "SLO-ch"]
[Site "Dobrna"]
[Date "2002.08.05"]
[Round "3"]
[White "Penko, Igor"]
[Black "Grosar, Aljosa"]
[Result "0-1"]
[WhiteElo "2219"]
[BlackElo "2470"]
[PlyCount "90"]
[EventDate "2002.08.03"]
[EventType "k.o."]
[EventRounds "7"]
[EventCountry "SLO"]
[SourceTitle "CBM 089 Extra"]
[Source "ChessBase"]
[SourceDate "2002.09.10"]
[SourceVersion "2"]
[SourceVersionDate "2002.09.10"]
[SourceQuality "1"]

1. c4 Nf6 2. d4 e6 3. g3 c5 4. d5 exd5 5. cxd5 b5 6. Bg2 d6 7. b3 g6 8. Bb2 Bg7 9. e3 0-0 10. Ne2 Nbd7 11. Nbc3 b4 12. Na4 Nb6 13. Nxb6 axb6 14. 0-0 Qe7 15. Re1 Ba6 16. Rb1 Bb7 17. Ra1 Ra7 18. e4 Rfa8 19. Nc1 Nd7 20. Bxg7 Kxg7 21. Rb1 Re8 22. Rb2 Qf6 23. Rc2 Ba6 24. f4 Rc7 25. h3 Rec8 26. e5 dxe5 27. d6 Ra7 28. fxe5 Nxe5 29. Qd5 Re8 30. Rf2 Nf3+ 31. Rxf3 Rxe1+ 32. Kh2 Qd4 33. Qxd4+ cxd4 34. Nd3 Re3 35. Nxb4 Rxf3 36. Bxf3 Bc8 37. Bc6 Bd7 38. Bd5 Kf6 39. g4 Ke5 40. Bxf7 Kxd6 41. Bc4 b5 42. Bg8 Bc6 43. Kg3 Rg7 44. Nxc6 Kxc6 45. Be6 Re7 0-1

[Event "SLO-ch"]
[Site "Dobrna"]
[Date "2002.08.04"]
[Round "2"]
[White "Kovacic, Peter"]
[Black "Penko, Igor"]
[Result "0-1"]
[WhiteElo "2182"]
[BlackElo "2219"]
[PlyCount "69"]
[EventDate "2002.08.03"]
[EventType "k.o."]
[EventRounds "7"]
[EventCountry "SLO"]
[SourceTitle "CBM 089 Extra"]
[Source "ChessBase"]
[SourceDate "2002.09.10"]
[SourceVersion "2"]
[SourceVersionDate "2002.09.10"]
[SourceQuality "1"]

1. Nf3 Nf6 2. d4 g6 3. c4 Bg7 4. Qc2 0-0 5. Nc3 d6 6. Bg5 Na6 7. e4 c5 8. dxc5 Nxc5 9. Rd1 Qa5 10. Bd2 Bg4 11. Be2 Bxf3 12. Bxf3 Ne6 13. Nb5 Qxa2 14. e5 dxe5 15. Bxb7 Rab8 16. 0-0 Nc5 17. Bf3 a6 18. Be3 axb5 19. Bxc5 bxc4 20. Ba3 Rfc8 21. Ra1 Qb3 22. Qxb3 cxb3 23. Bxe7 e4 24. Bd1 Nd5 25. Bd6 Rb6 26. Bg3 f5 27. Ra3 f4 28. Bxb3 Rxb3 29. Rxb3 fxg3 30. hxg3 e3 31. fxe3 Nxe3 32. Rf4 Nf5 33. g4 Nd4 34. Rxd4 Bxd4+ 35. Kh2 0-1

[Event "SLO-ch"]
[Site "Dobrna"]
[Date "2002.08.04"]
[Round "2"]
[White "Penko, Igor"]
[Black "Kovacic, Peter"]
[Result "1-0"]
[WhiteElo "2219"]
[BlackElo "2182"]
[PlyCount "64"]
[EventDate "2002.08.03"]
[EventType "k.o."]
[EventRounds "7"]
[EventCountry "SLO"]
[SourceTitle "CBM 089 Extra"]
[Source "ChessBase"]
[SourceDate "2002.09.10"]
[SourceVersion "2"]
[SourceVersionDate "2002.09.10"]
[SourceQuality "1"]

1. c4 g6 2. Nc3 Bg7 3. g3 f5 4. d4 d6 5. Bg2 Nc6 6. e3 Nf6 7. d5 Ne5 8. f4 Nf7 9. Nge2 Bd7 10. Nd4 Qc8 11. 0-0 0-0 12. Re1 Nd8 13. b3 c5 14. dxc6 bxc6 15. Bb2 Rb8 16. Qd2 Ne6 17. Nxe6 Bxe6 18. e4 Ng4 19. h3 Nh6 20. Kh2 fxe4 21. Nxe4 Bxb2 22. Qxb2 Bxc4 23. Ng5 e5 24. Rac1 exf4 25. Rxc4 fxg3+ 26. Kh1 Rf2 27. Qc3 Qf5 28. Qxg3 Rf8 29. Rxc6 Qa5 30. Rd1 R2f5 31. Ne6 Re8 32. Rcxd6 Nf7 1-0

[Event "SLO-ch"]
[Site "Grize"]
[Date "2001.10.04"]
[Round "4"]
[White "Penko, Igor"]
[Black "Srebrnic, Vojko"]
[Result "1/2-1/2"]
[WhiteElo "2238"]
[BlackElo "2201"]
[PlyCount "113"]
[EventDate "2001.10.01"]
[EventType "swiss"]
[EventRounds "9"]
[EventCountry "SLO"]
[SourceTitle "CBM 084 Extra"]
[Source "ChessBase"]
[SourceDate "2001.10.26"]
[SourceVersion "1"]
[SourceVersionDate "2001.10.26"]
[SourceQuality "1"]

1. d4 Nf6 2. c4 g6 3. Nc3 Bg7 4. e4 d6 5. Be2 0-0 6. Nf3 e5 7. dxe5 dxe5 8. Qxd8 Rxd8 9. Bg5 c6 10. 0-0 Re8 11. Rfd1 Na6 12. Rd2 Nc5 13. Bxf6 Bxf6 14. h3 a5 15. b3 Bg7 16. Rad1 f6 17. Rd8 Be6 18. Rxa8 Rxa8 19. Kh2 Bf8 20. Ne1 Kf7 21. Nd3 Nxd3 22. Rxd3 Bc5 23. Kg3 Ke7 24. a4 Bd4 25. f4 Rd8 26. Kf3 Kd6 27. g4 Kc5 28. f5 Bf7 29. Bd1 g5 30. Nb1 h5 31. Na3 Rh8 32. Kg2 h4 33. Kf3 Rd8 34. Ke2 Be8 35. Rd2 Rb8 36. Nc2 Rd8 37. Ne1 b5 38. Nd3+ Kb6 39. cxb5 cxb5 40. Nb2 Rc8 41. Nd3 Rc3 42. Rc2 Rxd3 43. Kxd3 bxa4 44. bxa4 Bxa4 45. Rc1 Bb5+ 46. Rc4 Bf2 47. Bc2 Be1 48. Bd1 Bb4 49. Bb3 Ba6 50. Ba4 Be1 51. Bd1 Bd2 52. Bb3 Bb4 53. Ba4 Be1 54. Bd1 Bf2 55. Bc2 Bc5 56. Bd1 Bb4 57. Ba4 1/2-1/2